Directory of interest groups Repertoire des groupes d'interet

Αποθηκεύτηκε σε:
Λεπτομέρειες βιβλιογραφικής εγγραφής
Συγγραφή απο Οργανισμό/Αρχή: European Commission
Μορφή: Βιβλίο
Γλώσσα:English
French
German
Δημοσίευση: Luxemburg : Office for official publications of the european communities, 1996
Θέματα:
Ετικέτες: Προσθήκη ετικέτας
Δεν υπάρχουν, Καταχωρήστε ετικέτα πρώτοι!

MARC

LEADER 00000cam a2200000 i 4500
001 1/85195
008 990630s1996 eng d
020 |a 92-827-8987-X 
035 |l 10051783 
040 |a GR-MY-UA  |b gre  |e aacr 
041 0 |a eng  |h fre  |h ger 
082 0 |a 324.4025 
110 2 |a European Commission. 
245 1 0 |a Directory of interest groups /  |b Repertoire des groupes d'interet /  |c European Commission =  |c Commission Europeenne ; Verzeichnis der interessenverbande ; Europaische Kommission 
260 |a Luxemburg :   |b Office for official publications of the european communities,   |c 1996 
300 |a xv, 623 p. 
650 0 0 |a Pressure groups  |z European Union countries  |x Directories. 
650 0 0 |a Nonprofit organizations  |z European Union countries  |x Directories. 
650 0 0 |a Trade associations  |z European Union countries  |x Directories. 
852 |a INST  |b CHIOS  |e 19990630  |h 324.4025 EUR  |p 005200014274  |q 005200014274  |t REF  |y 23 
901 |a BIBL1-1999-2 
909 |a Χ  |b 055842 
970 |a ΣΠΕΝΤΖΑ  |b ΕΛΕΝΗ  |z 1999/06/30